Members of IOI (Kpop) - Statistics

General Stats
  • This quiz has been taken 611 times
  • The average score is 8 of 11
Answer Stats
Answer % Correct
Somi
98%
Chungha
86%
Doyeon
76%
Mina
75%
Nayoung
74%
Sejeong
74%
Yoojung
72%
Chaeyeon
66%
Sohye
65%
Pinky
60%
Yeunjung
25%
No matching quizzes found
Score Distribution
Percent of People with Each Score
Percentile by Number Answered
Your Score History
You have not taken this quiz